| 000 | 00524nam a2200193Ia 4500 | ||
|---|---|---|---|
| 005 | 20250923145918.0 | ||
| 008 | 008 250917s9999 xx 000 0 eng d | ||
| 037 | _aReference | ||
| 040 |
_aDSWL _beng _cDSWL |
||
| 041 |
_aeng _2eng |
||
| 084 |
_aZ2:(YX,9m6)'N61, N95 _qDSWL |
||
| 245 | 4 | _aThe dowry prohibition Act, 1961 | |
| 260 |
_aDelhi _b Pioneer Books _c1993 |
||
| 300 | _a31p. | ||
| 365 |
_aINR _b10.00 |
||
| 925 | _g10.00 | ||
| 942 |
_cREF _hZ2:(YX,9m6)'N61, N95 |
||
| 999 |
_c1457266 _d1457266 |
||